MARC

LEADER 00000nam a2200000Ia 4500
001 18167
008 160829s1989 xx 000 0 cat d
020 |a 84-309-1713-6 
080 |a D-3-110 
245 |a Normas de contabilidad pública / edición preparada por Vicente Montesinos Julve y Germán Orón Moratal 
260 |a Madrid :  |b Tecnos,  |c 1989 
300 |a 713 p. ;  |c 17 cm 
490 |a Biblioteca de textos legales ; 110 
590 |a Bibliografia 
650 |a Finances públiques  |x Espanya  |x Legislació   |9 28704 
650 |a Finances públiques  |x Espanya  |x Normes   |9 28705 
650 |a Comptabilitat  |x Dret i legislació  |x Espanya  |9 34433 
700 |a Montesinos Julve, Vicente, ed.   |9 28706 
700 |a Orón Moratal, Germán, ed.  |9 28707 
901 |a Arxiu 
942 |n 1 
952 |0 1  |1 0  |2 udc  |4 0  |5 2  |6 D3110  |7 1  |9 44913  |a Arxiu  |b Arxiu  |d 2016-12-01  |l 0  |o D-3-110  |p 18167  |r 2016-12-01 00:00:00  |w 2016-12-01  |y ARXIU 
999 |c 47512  |d 47512